000 00689nam a2200229 a 4500
001 000023303
005 20200930022126.0
008 101201s1998 ck 000 0 spa d
020 _a9582003847
040 _aDO-SdBNP
_bspa
_cBNPHU
082 _a153.35
_bP116c
100 1 _aPacheco, Julia
_947991
245 1 0 _aConstruyendo imaginarios :
_btalleres creativos /
_cJulia Pacheco, Mary Luz Pacheco.
260 _aSanta Fe de Bogotá :
_bMagisterio,
_c1998.
300 _a110 p. ;
_c24 cm.
490 1 _aAula Alegre
650 4 _aAptitud creadora
_940864
650 4 _aPensamiento creativo
_98124
700 1 _aPacheco, Mary Luz
_947992
830 0 _aAula Alegre
_947993
049 _aBNGR
999 _c22800
_d22800